ՀՀ Գիտությունների ազգային ակադեմիայի հիմնարար գիտական գրադարան  =   Fundamental Scientific Library of NAS RA

Հայուն հրաշալի գոյատեւումը եւ յառաջդիմութիւնը : (Record no. 99792)

MARC details
000 -LEADER
fixed length control field 00680nam a2200181 u 4500
001 - CONTROL NUMBER
control field 000274418
003 - CONTROL NUMBER IDENTIFIER
control field AM-YEHGA
005 - DATE AND TIME OF LATEST TRANSACTION
control field 20251210135508.0
008 - FIXED-LENGTH DATA ELEMENTS--GENERAL INFORMATION
fixed length control field 031021s1970 iluc r 000 0|arm|d
040 ## - CATALOGING SOURCE
Original cataloging agency AM-YEHGA
Transcribing agency AM-YEHGA
041 0# - LANGUAGE CODE
Language code of text/sound track or separate title arm
100 1# - MAIN ENTRY--PERSONAL NAME
Personal name Կիւրլէքեան, Յակոբ Վեր.
245 10 - TITLE STATEMENT
Title Հայուն հրաշալի գոյատեւումը եւ յառաջդիմութիւնը :
Remainder of title Անցեալի եւ ներկայի ապագայ հեռատեսիլով /
Statement of responsibility, etc. Յակոբ Վեր. Կիւրլէքեան.
260 ## - PUBLICATION, DISTRIBUTION, ETC.
Place of publication, distribution, etc. Շիքակօ :
Name of publisher, distributor, etc. Շիրակ,
Date of publication, distribution, etc. 1970.
300 ## - PHYSICAL DESCRIPTION
Extent 224 էջ :
Other physical details դիմանկ.
650 14 - SUBJECT ADDED ENTRY--TOPICAL TERM
Topical term or geographic name entry element Հայոց պատմություն
942 ## - ADDED ENTRY ELEMENTS (KOHA)
Source of classification or shelving scheme Universal Decimal Classification
Koha item type Գրքեր / Books
Holdings
Withdrawn status Lost status Source of classification or shelving scheme Damaged status Not for loan Collection Home library Current library Date acquired Total checkouts Full call number Barcode Date last seen Price effective from Koha item type Public note
    Universal Decimal Classification     General Fundamental Scientific Library Fundamental Scientific Library 22/12/2016   AII/77717 220077717 22/12/2016 22/12/2016 Գրքեր / Books 30 Days Loan
    Universal Decimal Classification     General Fundamental Scientific Library Fundamental Scientific Library 22/12/2016   AII/77718 220077718 22/12/2016 22/12/2016 Գրքեր / Books 30 Days Loan
          Zhamkochyan Individual collection Fundamental Scientific Library Fundamental Scientific Library 08/09/2025   Ժամ/1378 FL0694575 08/09/2025 08/10/2025 Գրքեր / Books ILL Non-Circ.


ՀՀ ԳԱԱ հիմնարար գիտական գրադարան
ՀՀ,Երևան 0019
Մարշալ Բաղրամյան 24/6
հեռախոս:(374-10) 52-47-50
Հետադարձ կապ

All site content, except where otherwise noted, is licensed under a
Creative Commons License